Les 12 candidats à la présidentielle 2022 - Statistiques

Statistiques générales
  • Ce quiz a été pris 123 fois
  • Le résultat moyen est 9 sur 12
Statistiques - réponses
Hint Réponse % Correct
3 Emmanuel Macron
100%
5 Marine Le Pen
100%
7 Jean-Luc Mélenchon
88%
6 Eric Zemmour
83%
10 Valérie Pécresse
83%
11 Philippe Poutou
77%
8 Anne Hidalgo
70%
4 Jean Lassalle
63%
1 Nathalie Arthaud
62%
9 Yannick Jadot
53%
2 Fabien Roussel
52%
12 Nicolas Dupont-Aignan
45%
Aucun quiz correspondant
Distribution des résultats
% des personnes avec chaque résultat
Percentile par nombre de réponses
Votre historique - résultats
Vous n’avez pas pris ce quiz